| 000 | 01732nam a2200493 i 4500 | ||
|---|---|---|---|
| 001 | 22645 | ||
| 003 | KOSZ 005 | ||
| 005 | 20200930134436.0 | ||
| 008 | 990506s1983 pl a f |000 0 pol | ||
| 015 | _aUWD 1984/9429 | ||
| 035 | _a991009584429705066 | ||
| 035 | _a(PL-WaBN)b12592456-48omnis_nlop | ||
| 035 | _ab12592456 | ||
| 035 | _a(OCoLC)830235556 | ||
| 035 | _a(PL)b0000001259245 | ||
| 035 | _a(EXLNZ-48OMNIS_NETWORK)9910184336505606 | ||
| 040 |
_aWA N _cWA N _dKOSZ 005/HR |
||
| 041 | 0 | _apol | |
| 046 | _k1983 | ||
| 080 | _a624.01/.07:531 | ||
| 080 | _a551.55 | ||
| 080 | _a519.2 | ||
| 100 | 1 |
_aFlaga, Andrzej _d(1951- ) _eAutor |
|
| 245 | 1 | 0 |
_aAnaliza wzdłużnego, poprzecznego i skrętnego oddziaływania wiatru na smukłe budowle inżynierskie w ujęciu stochastycznym / _cAndrzej Flaga ; Politechnika Krakowska im. Tadeusza Kościuszki. |
| 260 |
_aKraków : _bPK, _c1983. |
||
| 300 |
_a236 s. : _brys., wykr, ; _c24 cm. |
||
| 336 |
_aTekst _btxt _2rdacontent |
||
| 337 |
_aBez urządzenia pośredniczącego _bn _2rdamedia |
||
| 338 |
_aWolumin _bnc _2rdacarrier |
||
| 380 | _aKsiążki | ||
| 380 | _aPublikacje naukowe | ||
| 388 | _a1989-2000 | ||
| 388 | _a1945-1989 | ||
| 504 | _aBibliogr. s. 212-226. | ||
| 650 | 7 |
_aMechanika budowli _2DBN |
|
| 650 | 7 |
_aNaprężenia i odkształcenia _2DBN |
|
| 650 | 7 |
_aRachunek prawdopodobieństwa _2DBN |
|
| 650 | 7 |
_aWiatr _2DBN |
|
| 658 | _aArchitektura i budownictwo | ||
| 710 | 2 |
_aPolitechnika Krakowska im. Tadeusza Kościuszki _4pbl |
|
| 856 |
_uhttp://koha.tu.koszalin.pl/cgi-bin/koha/opac-detail.pl?biblionumber=22645 _yKatalog online BPK |
||
| 942 |
_2UKD _cKS |
||
| 999 |
_c22645 _d22645 |
||